| 000 | 01214cam a2200313 i 4500 | ||
|---|---|---|---|
| 001 | 5278 | ||
| 003 | Mx-PuUPA | ||
| 005 | 20240410103439.0 | ||
| 008 | 140415s1991 mx r 000 0 spa d | ||
| 020 | _a9683905218 | ||
| 040 |
_aMx-PuUPA _bspa _cMx-PuUPA _dMx-PuUPA _erda |
||
| 041 | 1 |
_aspa _heng |
|
| 100 | 1 |
_aDahl, Robert A., _eautor |
|
| 240 | 1 | 0 |
_aDilemmas of pluralist democracy autonomy versus control. _lEspañol |
| 245 | 1 | 4 |
_aLos dilemas del pluralismo democrático : _bautonomía versus control / _cRobert A. Dahl ; traducción, Adriana Sandoval |
| 250 | _aPrimera edición | ||
| 264 | 4 |
_aMéxico, D.F. : _bEditorial Patria, _c©1991 |
|
| 300 |
_a210 páginas ; _c21 cm |
||
| 336 |
_atexto _2rdacontent _btxt |
||
| 337 |
_asin medio _2rdamedia _bn |
||
| 338 |
_avolumen _2rdacarrier _bnc |
||
| 490 | 0 |
_aLos noventa ; _v68 |
|
| 650 | 4 |
_aDemocracias populares _xSocialismo |
|
| 700 | 1 |
_aSandoval, Adriana, _etraductor |
|
| 765 | 0 | 8 |
_aDahl, Robert A., _bPrimera edición _d[Lugar de publicación no identificado] : Yale University, ©1982 _tDilemmas of pluralist democracy autonomy versus control. |
| 942 |
_2ddc _cLI _h320.5315 _iD125 |
||
| 999 |
_c5278 _d5278 |
||